书目信息 |
| 题名: |
闲情偶记
|
|
| 作者: | 李渔 撰 ;胡明伟选 注 | |
| 分册: | ||
| 出版信息: | 北京 北京燕山出版社 1998.10 |
|
| 页数: | 284页 | |
| 开本: | 19cm | |
| 丛书名: | ||
| 单 册: | ||
| 中图分类: | Z429.49 | |
| 科图分类: | ||
| 主题词: | 文集--中国 , 全集--中国 , 选集--中国 | |
| 电子资源: | ||
| ISBN: | 7-5402-0338-2 | |
| 000 | 00659nam0 2200229 45 | |
| 001 | 0462118167 | |
| 005 | 2004091617151815 | |
| 010 | @a7-5402-0338-2@d11.00CNY | |
| 100 | @a20040916d1998 km y0chiy0120 ea | |
| 101 | 0 | @achi |
| 102 | @aCN@b110000 | |
| 200 | 1 | @a闲情偶记@AXian Qing Ou Ji@f(清)李渔撰;胡明伟选注@F(Qing)Li Yu Zhuan;Hu Ming Wei Xuan Zhu |
| 210 | @a北京@c北京燕山出版社@d1998.10 | |
| 215 | @a284页@d19cm | |
| 606 | 0 | @a文集@x中国 |
| 606 | 0 | @a全集@x中国 |
| 606 | 0 | @a选集@x中国 |
| 690 | @aZ429.49@v3 | |
| 701 | 0 | @a李渔@ALi Yu@4撰 |
| 702 | 0 | @a胡明伟选@AHu Ming Wei Xuan@4注 |
| 801 | 0 | @aCN@bPFT@c20040916 |
| 905 | @a安徽大学@dZ429.49@eL.799 | |
| 闲情偶记/(清)李渔撰;胡明伟选注.-北京:北京燕山出版社,1998.10 |
| 284页;19cm |
| ISBN 7-5402-0338-2:11.00CNY |
| ● |
| 相关链接 |
|
|
|
正题名:闲情偶记
索取号:Z429.49/L.799
 
预约/预借
| 序号 | 登录号 | 条形码 | 馆藏地/架位号 | 状态 | 备注 |
| 1 | 82540 | 200825401 | 自科库501/501自科库 131排2列1层/ [索取号:Z429.49/L.799] | 在馆 | |
| 2 | 82541 | 200825410 | 自科库501/116文学库 15排6列5层/ [索取号:Z429.49/L.799] | 在馆 | |
| 3 | 82542 | 200825429 | 自科库501/501自科库 131排2列1层/ [索取号:Z429.49/L.799] | 在馆 |